Famous "and"s - Statistics

General Stats
  • This quiz has been taken 19 times
  • The average score is 29 of 50
Answer Stats
Hint Answer Answer % Correct
Abel
95%
First humans, according to the Bible Adam Eve
95%
Sons of the first Biblical humans Cain Abel
95%
Eve
95%
Jerry
95%
Juliet
95%
Shakespearean star-crossed lovers Romeo Juliet
95%
Cartoon cat and mouse Tom Jerry
95%
Garfunkel
89%
Cities that were nuked in 1945 Hiroshima Nagasaki
89%
"Sound of Silence" artists Simon Garfunkel
89%
Features of the US Flag Stars Stripes
89%
Stripes
89%
Remus
84%
Founders of Rome, raised by wolves Romulus Remus
84%
Went up a hill to fetch a pail of water Jack Jill
79%
Jill
79%
Nagasaki
79%
Chips
74%
Famous British dish Fish Chips
74%
Gretel
74%
Children who left a breadcrumb trail Hansel Gretel
74%
DC hooded vigilante and his sidekick Batman Robin
68%
Robin
68%
Clark
58%
Corps of Discovery expedition leaders Lewis Clark
58%
To stop doing something Cease Desist
53%
Desist
53%
Muppets Bert Ernie
47%
Ernie
47%
What a home invader does Breaking Entering
42%
Entering
42%
Pikachu
42%
Gemini twins Castor Pollux
37%
Crick
37%
Pollux
37%
United Kingdom of ______ and _______ Great Britain Northern Ireland
32%
Northern Ireland
32%
"Discoverers" of DNA structure Watson Crick
32%
Apollo
26%
Two moons of Mars Phobos Deimos
26%
Yang
26%
Foundational concept of Taoism Yin Yang
26%
Twin gods of archery in Greek mythology Artemis Apollo
21%
Pokemon anime protagonists Ash Pikachu
21%
Ursula's twin eels Flotsam Jetsam
21%
Jetsam
21%
Deimos
16%
Liberty Bell Casters Pass Stow
16%
Stow
16%
No matching quizzes found
Score Distribution
Percent of People with Each Score
Percentile by Number Answered
Your Score History
You have not taken this quiz